Tilastot visalle Kiinan naapurimaat vuodesta 1914 lähtien

Klikkaa tästä pelataksesi tätä visaa!

Yleistilastot

  • Tätä visaa on pelattu 227 kertaa
  • Keskiarvotulos 17 / 21

Vastaustilastot

VuodetValtio% Oikein
1689–1922, 1991–Venäjä
100%
1911–Mongolia
98%
1947–Intia
97%
1945–Pohjois-Korea
96%
1976–Vietnam
96%
1951–Nepal
95%
1947–Pakistan
91%
1991–Kazakstan
89%
1991–Kirgisia
89%
1953–Laos
89%
1951–Bhutan
88%
1948–Myanmar
88%
1922–1991Neuvostoliitto
88%
1895–Afganistan
84%
1991–Tadžikistan
84%
1905–1945Japani
83%
1842–1997Yhdistynyt
kuningaskunta
64%
1912–1951Tiibet
61%
1898–1946Ranska
57%
1887–1999Portugali
49%
1945–1976Pohjois-Vietnam
35%

Tulosjakauma

Persentiili vastausten määrän mukaan

Jokaisen tuloksen saaneiden osuus

Tuloshistoriasi

Et ole pelannut tätä visaa